00933cam a2200205 450000500170000000800410001702000150005805000220007310000280009524502470012325000430037026000730041330000210048649000260050750000100053350400320054365100530057565100470062870000520067520260216095439.0260216b ag ||||| |||| 00| 0 spa d a950508496X04aKHA4613bA28 19971 aEdwards, Carlos Enrique 0aRégimen penal tributario b : leyes 24.765 y 24.769 : Delitos tributarios, previsionales y fiscales, Procedimientos administrativo y penal, Clausura tributaria, Jurisprudencia.c / revisado ordenado y comentado por Carlos Enrique Edwards. a3a. edición bactualizada y ampliada aCiudad de Buenos Aires :bAstrea de Alfredo y Ricardo Depalma,c1997 a231 p. ;c20 cm.0 aTextos legales Astrea aFomes aBibliografía : p. 229-231 aArgentinaxEvasión de impuestosxLegislación aArgentinaxDelitos fiscalesxLegislación1 aEdwards, Carlos Enrique,erevisorecomentarista